Electrical components Part III: Transformer, relays, and motors 15min [DVd video] (Record no. 292760)
[ view plain ]
| 000 -LEADER | |
|---|---|
| fixed length control field | 00391 a2200109 4500 |
| 001 - CONTROL NUMBER | |
| control field | 57687 |
| 090 ## - LOCALLY ASSIGNED LC-TYPE CALL NUMBER (OCLC); LOCAL CALL NUMBER (RLIN) | |
| -- | 35368 |
| -- | 35368 |
| 245 ## - TITLE STATEMENT | |
| Title | Electrical components Part III: Transformer, relays, and motors 15min [DVd video] |
| 260 ## - PUBLICATION, DISTRIBUTION, ETC. | |
| Place of publication, distribution, etc. | Princeton, NJ |
| Name of publisher, distributor, etc. | Films media group |
| Date of publication, distribution, etc. | 2006 |
| 500 ## - GENERAL NOTE | |
| General note | CD/DVD Video |
| 600 ## - SUBJECT ADDED ENTRY--PERSONAL NAME | |
| Personal name | links: films for the huminities & sciences ; cambridge educational ; meridian education |
| 942 ## - ADDED ENTRY ELEMENTS (KOHA) | |
| Institution code [OBSOLETE] | NUST-CAE |
| Call number prefix | 80284 |
| Withdrawn status | Lost status | Damaged status | Not for loan | Collection code | Permanent Location | Current Location | Date acquired | Total Checkouts | Full call number | Barcode | Date last seen | Price effective from | Koha item type |
|---|---|---|---|---|---|---|---|---|---|---|---|---|---|
| College of Aeronautical Engineering (CAE) | College of Aeronautical Engineering (CAE) | 04/03/2017 | 80284 | CAE80284 | 04/05/2017 | 04/05/2017 | Book |
